000 00349nam a2200133Ia 4500
005 20260328101443.0
008 260328s9999||||xx |||||||||||||| ||und||
100 _aCastells, Manuel
245 0 _aImperialismo y Urbanización en América Latina /
_cManuel Castells
260 _bGustavo Gili
300 _a464 p.
650 _aURBANISMO
942 _cBK
999 _c8369
_d8369